[Event "Blackpool op 47th"]
[Site "Blackpool"]
[Date "2024.02.11"]
[Round "5"]
[White "Clarke, Brandon GI"]
[Black "Hamer, Martyn"]
[Result "1-0"]
[WhiteElo "2490"]
[BlackElo "2055"]
[PlyCount "81"]
[EventDate "2024.02.09"]
[EventType "swiss"]
[EventRounds "5"]
[EventCountry "ENG"]
[SourceTitle "CB07_2024"]
[SourceDate "2024.02.14"]
[SourceVersion "1"]
[SourceVersionDate "2024.02.14"]
[SourceQuality "1"]

1. e4 c5 2. Nf3 Nc6 3. d4 cxd4 4. Nxd4 e5 5. Nb5 d6 6. N1c3 a6 7. Na3 b5 8. Nd5 Nge7 9. c4 Nd4 10. cxb5 Nxd5 11. exd5 Be7 12. Bd3 0-0 13. 0-0 Bb7 14. Be3 f5 15. Bxd4 exd4 16. bxa6 Bxd5 17. Bc4 Bxc4 18. Nxc4 Bf6 19. Qd3 g6 20. a4 Rxa6 21. b4 d5 22. a5 Re6 23. Nb6 f4 24. Rac1 Qd6 25. Rc5 Bg7 26. Qb3 Kh8 27. Qxd5 Qe7 28. Rc8 Rd6 29. Rxf8+ Qxf8 30. Qf3 d3 31. b5 Qd8 32. Rd1 Bc3 33. Nc4 Re6 34. a6 Qd4 35. a7 Qxa7 36. Qxd3 Bf6 37. h3 Qe7 38. Kf1 Bh4 39. b6 Re4 40. Nd6 Kg8 41. Nxe4 1-0

[Event "POR-chT"]
[Site "Sao Joao da Madeira"]
[Date "2023.07.22"]
[Round "8.1"]
[White "Bray, Daniel Jose Freire"]
[Black "Clarke, Brandon GI"]
[Result "0-1"]
[WhiteElo "2163"]
[BlackElo "2486"]
[PlyCount "46"]
[EventDate "2023.07.17"]
[EventType "team-tourn"]
[EventRounds "9"]
[EventCountry "POR"]
[SourceTitle "CBM 215 Extra"]
[Source "ChessBase"]
[SourceDate "2023.09.30"]
[SourceVersion "1"]
[SourceVersionDate "2023.09.30"]
[SourceQuality "1"]
[WhiteTeam "Corvos Do Lis"]
[BlackTeam "Montemor o Velho"]
[WhiteTeamCountry "POR"]
[BlackTeamCountry "POR"]

1. e4 c5 2. Nf3 d6 3. d4 cxd4 4. Nxd4 Nf6 5. Nc3 e6 6. g4 e5 7. Nf5 h5 8. Bg5 hxg4 9. Nd5 Bxf5 10. Bxf6 gxf6 11. exf5 Bh6 12. Bg2 Bg5 13. Qd3 Nc6 14. c3 Qd7 15. b4 Kf8 16. h3 e4 17. Qg3 Qxf5 18. Nc7 Bf4 19. hxg4 Rxh1+ 20. Bxh1 Qe5 21. Qh3 Rd8 22. Rd1 d5 23. Nb5 Kg7 0-1

[Event "POR-chT"]
[Site "Sao Joao da Madeira"]
[Date "2023.07.18"]
[Round "2.4"]
[White "Clarke, Brandon GI"]
[Black "Pichot, Alan"]
[Result "1/2-1/2"]
[WhiteElo "2486"]
[BlackElo "2633"]
[PlyCount "177"]
[EventDate "2023.07.17"]
[EventType "team-tourn"]
[EventRounds "9"]
[EventCountry "POR"]
[SourceTitle "CBM 215 Extra"]
[Source "ChessBase"]
[SourceDate "2023.09.30"]
[SourceVersion "1"]
[SourceVersionDate "2023.09.30"]
[SourceQuality "1"]
[WhiteTeam "Montemor o Velho"]
[BlackTeam "Gaia"]
[WhiteTeamCountry "POR"]
[BlackTeamCountry "POR"]

1. e4 e5 2. Nf3 Nc6 3. d4 exd4 4. Nxd4 Qf6 5. Nxc6 Bc5 6. Qf3 dxc6 7. Qxf6 Nxf6 8. f3 Be6 9. Bd3 Nd7 10. Ke2 Ne5 11. Be3 Nxd3 12. cxd3 Be7 13. Nc3 f5 14. Kd2 0-0-0 15. Kc2 Rd7 16. b3 g5 17. h3 a5 18. Rad1 b6 19. Ne2 Rhd8 20. g4 f4 21. Bf2 h5 22. d4 Bf7 23. Be1 Rh8 24. Bc3 Rh7 25. Rdg1 Rd6 26. Rd1 Rdh6 27. Rhf1 hxg4 28. hxg4 a4 29. Rf2 Rh2 30. Rdf1 R7h3 31. Ng1 Rh6 32. Ne2 axb3+ 33. axb3 Kb7 34. Nc1 R6h3 35. Nd3 Be6 36. Rxh2 Rxh2+ 37. Rf2 Rh1 38. Ne5 Bd6 39. Nc4 Bf8 40. Ne5 Be7 41. Kb2 Bg8 42. Kc2 Rh6 43. Rd2 Ka6 44. Kb2 Kb5 45. Rc2 Rh3 46. Rf2 Be6 47. Kc2 Bd6 48. Nd3 Rh1 49. Bb2 Be7 50. Bc3 Bg8 51. Ne5 Bd6 52. Nd3 Bf8 53. Ne5 Be7 54. Kb2 Bd6 55. Nd3 Rd1 56. Rd2 Rf1 57. Rf2 Rh1 58. Kc2 Ba3 59. Re2 Bf7 60. Rf2 Be8 61. Re2 Bd6 62. Rf2 c5 63. dxc5 bxc5 64. Bf6 c4 65. bxc4+ Kxc4 66. Nb2+ Kb4 67. Bxg5 Bb5 68. Nd3+ Kc4 69. Kd2 Ra1 70. Bxf4 Ra2+ 71. Ke3 Rxf2 72. Nxf2 Bc5+ 73. Ke2 Kc3+ 74. Ke1 Kc2 75. Nh3 Bb4+ 76. Kf2 c5 77. Bd6 Kd1 78. Kg2 Ke1 79. g5 Be8 80. Nf4 Bd2 81. Nd3+ Ke2 82. Nxc5 Bxg5 83. f4 Bh6 84. Kg3 Ke3 85. Kg4 Bc6 86. Kf5 Kf3 87. Kf6 Bxf4 88. Bxf4 Bxe4 89. Ke5 1/2-1/2

[Event "POR-chT"]
[Site "Sao Joao da Madeira"]
[Date "2023.07.18"]
[Round "3.3"]
[White "Dias, Ricardo Pedro Cruz"]
[Black "Clarke, Brandon GI"]
[Result "0-1"]
[WhiteElo "2206"]
[BlackElo "2486"]
[PlyCount "108"]
[EventDate "2023.07.17"]
[EventType "team-tourn"]
[EventRounds "9"]
[EventCountry "POR"]
[SourceTitle "CBM 215 Extra"]
[Source "ChessBase"]
[SourceDate "2023.09.30"]
[SourceVersion "1"]
[SourceVersionDate "2023.09.30"]
[SourceQuality "1"]
[WhiteTeam "Tessera"]
[BlackTeam "Montemor o Velho"]
[WhiteTeamCountry "POR"]
[BlackTeamCountry "POR"]

1. d4 Nf6 2. c4 g6 3. Nc3 d5 4. Qb3 dxc4 5. Qxc4 Bg7 6. e4 0-0 7. Nf3 Bg4 8. Be2 Nfd7 9. Be3 Nc6 10. Rd1 Nb6 11. Qc5 Qd6 12. Ng1 Qxc5 13. dxc5 Bxc3+ 14. bxc3 Bxe2 15. Nxe2 Nc4 16. Bh6 Rfd8 17. 0-0 Rxd1 18. Rxd1 Rd8 19. Rd5 f6 20. Nd4 Rxd5 21. exd5 Nxd4 22. cxd4 Kf7 23. Kf1 e6 24. Bf4 e5 25. dxe5 fxe5 26. Bg3 c6 27. d6 Ke6 28. Ke2 e4 29. f3 exf3+ 30. gxf3 b6 31. Kd3 Nb2+ 32. Kd4 Na4 33. cxb6 axb6 34. Kc4 b5+ 35. Kb4 Kd7 36. Be5 Nb6 37. Kc5 Nd5 38. h4 Ne3 39. Bf6 Nf5 40. Be7 h6 41. a3 h5 42. f4 Ne3 43. Kd4 Nd5 44. Bf8 Nxf4 45. Ke5 g5 46. Bh6 Ng6+ 47. Kf5 Nxh4+ 48. Kxg5 Nf3+ 49. Kxh5 Ne5 50. Bc1 Kxd6 51. Kg5 Kd5 52. Bb2 Nc4 53. Bc1 Ke5 54. Kg6 c5 0-1

[Event "EU-ch 23rd"]
[Site "Vrnjacka Banja"]
[Date "2023.03.09"]
[Round "7"]
[White "Livaic, Leon"]
[Black "Clarke, Brandon GI"]
[Result "1/2-1/2"]
[WhiteElo "2569"]
[BlackElo "2475"]
[PlyCount "30"]
[EventDate "2023.03.03"]
[EventType "swiss"]
[EventRounds "11"]
[EventCountry "SRB"]
[SourceTitle "CBM 213"]
[Source "ChessBase"]
[SourceDate "2023.04.30"]
[SourceVersion "1"]
[SourceVersionDate "2023.04.30"]
[SourceQuality "1"]

1. d4 Nf6 2. c4 g6 3. Nc3 d5 4. Nf3 Bg7 5. cxd5 Nxd5 6. Qa4+ Nc6 7. e4 Nb6 8. Qc2 Bxd4 9. Bb5 Bg7 10. Bxc6+ bxc6 11. 0-0 Bg4 12. Nd2 Be6 13. Nb3 Bxb3 14. axb3 0-0 15. Bf4 Qc8 1/2-1/2

[Event "EU-ch 23rd"]
[Site "Vrnjacka Banja"]
[Date "2023.03.05"]
[Round "3"]
[White "Van Dael, Siem"]
[Black "Clarke, Brandon GI"]
[Result "0-1"]
[WhiteElo "2312"]
[BlackElo "2475"]
[PlyCount "98"]
[EventDate "2023.03.03"]
[EventType "swiss"]
[EventRounds "11"]
[EventCountry "SRB"]
[SourceTitle "CBM 213"]
[Source "ChessBase"]
[SourceDate "2023.04.30"]
[SourceVersion "1"]
[SourceVersionDate "2023.04.30"]
[SourceQuality "1"]

1. e4 c5 2. Nf3 d6 3. d4 cxd4 4. Nxd4 Nf6 5. Nc3 a6 6. Be3 e5 7. Nb3 Be6 8. f3 Be7 9. Qd2 0-0 10. 0-0-0 Qc7 11. g4 Rc8 12. Kb1 d5 13. g5 d4 14. gxf6 dxe3 15. Qxe3 Bxf6 16. Bd3 Nd7 17. Nd5 Qd8 18. f4 exf4 19. Nxf4 Qe7 20. Nd4 Bxd4 21. Qxd4 Ne5 22. Nd5 Bxd5 23. exd5 Qd6 24. Rhe1 Re8 25. Re2 Re7 26. Rde1 Rae8 27. c4 b6 28. Bc2 g6 29. Ba4 Nf3 30. Qf2 Nxe1 31. Bxe8 Nd3 32. Qf1 Ne5 33. Ba4 Nxc4 34. Bb3 Qb4 35. d6 Rxe2 36. Qxe2 Nxd6 37. Qxa6 Qe1+ 38. Kc2 Qf2+ 39. Kc1 Qc5+ 40. Kd2 Qd4+ 41. Kc2 Qf2+ 42. Kc3 Ne4+ 43. Kb4 Qc5+ 44. Ka4 Qd4+ 45. Kb5 Qc5+ 46. Ka4 Qc6+ 47. Kb4 Nd6 48. Ka3 Qc5+ 49. Ka4 Kg7 0-1

[Event "Cambridge op"]
[Site "Cambridge"]
[Date "2023.02.18"]
[Round "7"]
[White "Clarke, Brandon GI"]
[Black "Hunt, Harriet"]
[Result "1-0"]
[WhiteElo "2473"]
[BlackElo "2349"]
[PlyCount "83"]
[EventDate "2023.02.15"]
[EventType "swiss"]
[EventRounds "9"]
[EventCountry "ENG"]
[SourceTitle "CBM 212 Extra"]
[Source "ChessBase"]
[SourceDate "2023.03.31"]
[SourceVersion "1"]
[SourceVersionDate "2023.03.31"]
[SourceQuality "1"]

1. e4 c6 2. d4 d5 3. e5 Bf5 4. Nf3 e6 5. Be2 Ne7 6. 0-0 Ng6 7. a4 Nd7 8. Be3 f6 9. Ne1 h5 10. f4 h4 11. a5 Qc7 12. a6 b5 13. Nd2 Qb6 14. Bg4 Ne7 15. Bf2 0-0-0 16. Nb3 Bxg4 17. Qxg4 Nf5 18. Nd3 Be7 19. Be1 Rde8 20. Bf2 g5 21. exf6 Nxf6 22. Qe2 Ne4 23. fxg5 Bxg5 24. Nbc5 Nxf2 25. Rxf2 Be3 26. c3 Qc7 27. Re1 Rhg8 28. Qf3 Bxf2+ 29. Nxf2 Ng7 30. Qh3 Qf7 31. Nfd3 Qf5 32. Qxh4 Rgf8 33. Qg3 Rf7 34. Nb7 Rd7 35. Rf1 Nh5 36. Nd6+ Rxd6 37. Qxd6 Qxd3 38. Qxc6+ Kd8 39. Qa8+ Ke7 40. Qxa7+ Kd8 41. Qb8+ Kd7 42. Rf7+ 1-0

[Event "Seville op 48th"]
[Site "Seville"]
[Date "2023.01.20"]
[Round "8"]
[White "Estremera Panos, Sergio"]
[Black "Clarke, Brandon GI"]
[Result "0-1"]
[WhiteElo "2259"]
[BlackElo "2450"]
[PlyCount "78"]
[EventDate "2023.01.13"]
[EventType "swiss"]
[EventRounds "9"]
[EventCountry "ESP"]
[SourceTitle "CBM 212 Extra"]
[Source "ChessBase"]
[SourceDate "2023.03.31"]
[SourceVersion "1"]
[SourceVersionDate "2023.03.31"]
[SourceQuality "1"]

1. d4 Nf6 2. c4 g6 3. Nc3 Bg7 4. e4 d6 5. Nf3 0-0 6. Be2 e5 7. d5 a5 8. Bg5 h6 9. Bh4 Na6 10. Nd2 Bd7 11. 0-0 Nc5 12. Qc2 Qe8 13. Nb5 Qb8 14. b3 Nh7 15. a3 h5 16. f3 Bh6 17. Rab1 c6 18. b4 axb4 19. axb4 Na4 20. dxc6 bxc6 21. Nc3 Nxc3 22. Qxc3 Ra2 23. Rfd1 Ng5 24. c5 Ne6 25. Bc4 Nd4 26. Nb3 Rc2 27. Qd3 d5 28. Nxd4 Rxc4 29. Nc2 f5 30. Be7 fxe4 31. fxe4 Rf7 32. Bd6 Qe8 33. exd5 Rg4 34. Ne3 Bxe3+ 35. Qxe3 cxd5 36. Qxe5 Qa8 37. h3 Re4 38. Qg5 Kh7 39. Qxd5 Re1+ 0-1

[Event "Hastings Weekend op"]
[Site "Hastings"]
[Date "2023.01.08"]
[Round "5"]
[White "Clarke, Brandon GI"]
[Black "Korneev, Oleg"]
[Result "1-0"]
[WhiteElo "2450"]
[BlackElo "2481"]
[PlyCount "81"]
[EventDate "2023.01.07"]
[EventType "swiss"]
[EventRounds "5"]
[EventCountry "ENG"]
[SourceTitle "CBM 212 Extra"]
[Source "ChessBase"]
[SourceDate "2023.03.31"]
[SourceVersion "1"]
[SourceVersionDate "2023.03.31"]
[SourceQuality "1"]

1. e4 c5 2. Nf3 e6 3. d4 cxd4 4. Nxd4 Nc6 5. Nc3 a6 6. Nxc6 bxc6 7. Bd3 d5 8. 0-0 Nf6 9. e5 Nd7 10. Re1 g6 11. Qg4 Bg7 12. Qg3 0-0 13. h4 a5 14. Na4 c5 15. c4 Bb7 16. Bf4 d4 17. b3 Rc8 18. Nb2 f6 19. h5 gxh5 20. Bh6 Rf7 21. exf6 Nxf6 22. Bg5 Qd7 23. f3 Kh8 24. Na4 Qc6 25. Qh3 Re8 26. Re5 Nd7 27. Qxh5 h6 28. Re2 Kg8 29. Bxh6 e5 30. Bg6 Ree7 31. Bxf7+ Rxf7 32. Bxg7 Kxg7 33. Rxe5 Nxe5 34. Qxe5+ Kg8 35. Nxc5 d3 36. Nxd3 Qg6 37. Qe8+ Kg7 38. Ne5 Qb6+ 39. Kf1 Rc7 40. Rd1 Bc8 41. Rd8 1-0

[Event "Hastings Masters op"]
[Site "Hastings"]
[Date "2022.12.30"]
[Round "3"]
[White "Clarke, Brandon GI"]
[Black "Chan, Kim Yew"]
[Result "1-0"]
[WhiteElo "2484"]
[BlackElo "2289"]
[PlyCount "37"]
[EventDate "2022.12.28"]
[EventType "swiss"]
[EventRounds "10"]
[EventCountry "ENG"]
[SourceTitle "CBM 213 Extra"]
[Source "ChessBase"]
[SourceDate "2023.05.31"]
[SourceVersion "1"]
[SourceVersionDate "2023.05.31"]
[SourceQuality "1"]

1. e4 c5 2. Nf3 e6 3. d4 cxd4 4. Nxd4 Nc6 5. Nc3 Qc7 6. Be3 a6 7. Qf3 Nf6 8. 0-0-0 Ne5 9. Qg3 b5 10. Bf4 d6 11. Bxe5 dxe5 12. Bxb5+ axb5 13. Ncxb5 Qc5 14. b4 Qc4 15. Qxe5 Rxa2 16. Nc7+ Kd7 17. Kb1 Ra4 18. Nb3+ Kc6 19. Rd4 1-0

[Event "Hastings Masters op"]
[Site "Hastings"]
[Date "2022.12.29"]
[Round "2"]
[White "Hryshchenko, Kamila"]
[Black "Clarke, Brandon GI"]
[Result "0-1"]
[WhiteElo "2139"]
[BlackElo "2484"]
[PlyCount "116"]
[EventDate "2022.12.28"]
[EventType "swiss"]
[EventRounds "10"]
[EventCountry "ENG"]
[SourceTitle "CBM 212 Extra"]
[Source "ChessBase"]
[SourceDate "2023.03.31"]
[SourceVersion "1"]
[SourceVersionDate "2023.03.31"]
[SourceQuality "1"]

1. e4 c5 2. d3 Nc6 3. f4 g6 4. Nf3 Bg7 5. c3 Nf6 6. Be2 0-0 7. 0-0 b5 8. Kh1 d6 9. Be3 b4 10. Qc1 bxc3 11. bxc3 c4 12. Nbd2 cxd3 13. Bxd3 Bb7 14. Rb1 Qc7 15. Qa3 Rab8 16. Nd4 Rfc8 17. Rb2 Ba8 18. Nb5 Qd7 19. Rfb1 a5 20. Nc4 Qd8 21. h3 Nh5 22. Nb6 Nxf4 23. Bf1 Nh5 24. Nxc8 Ng3+ 25. Kg1 Rxc8 26. Nd4 Nxf1 27. Rxf1 Ne5 28. Rb5 Bxe4 29. Rd1 d5 30. Bg5 Qc7 31. Qxa5 Qxa5 32. Rxa5 f6 33. Bd2 Nc4 34. Ra7 Kf7 35. Bc1 Bf8 36. a4 Rb8 37. Nb5 g5 38. Na3 Nb2 39. Bxb2 Rxb2 40. g4 Kg6 41. c4 e5 42. Rc7 Bxa3 43. cxd5 Rg2+ 44. Kf1 Rh2 45. d6 Rh1+ 46. Ke2 Bf3+ 47. Kxf3 Rxd1 48. d7 Be7 49. a5 Bd8 50. Ra7 Bxa5 51. Rxa5 Rxd7 52. Ra3 h5 53. Rb3 Rd4 54. Rb8 Rd3+ 55. Kg2 h4 56. Rb7 Rg3+ 57. Kh2 e4 58. Re7 e3 0-1

[Event "Sitges Sunway op 9th"]
[Site "Sitges"]
[Date "2022.12.15"]
[Round "4"]
[White "Abdurakhmanov, Mukhmmadali"]
[Black "Clarke, Brandon GI"]
[Result "1-0"]
[WhiteElo "2397"]
[BlackElo "2484"]
[PlyCount "89"]
[EventDate "2022.12.12"]
[EventType "swiss"]
[EventRounds "10"]
[EventCountry "ESP"]
[SourceTitle "CBM 211 Extra"]
[Source "ChessBase"]
[SourceDate "2023.01.31"]
[SourceVersion "1"]
[SourceVersionDate "2023.01.31"]
[SourceQuality "1"]

1. d4 Nf6 2. Nf3 g6 3. Nbd2 d5 4. b3 Bg7 5. Bb2 c5 6. dxc5 Qa5 7. a3 Qxc5 8. e3 0-0 9. b4 Qc7 10. c4 a5 11. Rc1 axb4 12. axb4 dxc4 13. Bxc4 Qd6 14. b5 Nd5 15. Bxg7 Kxg7 16. Qb3 Nb6 17. 0-0 Nxc4 18. Nxc4 Qf6 19. Qb4 Bf5 20. Nce5 Rc8 21. Rxc8 Bxc8 22. Rd1 Qe6 23. h3 f6 24. Nd3 Qd7 25. Nb2 Qe8 26. Nc4 Nd7 27. e4 Nf8 28. Nb6 Rb8 29. Qc3 Bd7 30. Nxd7 Nxd7 31. Qc7 Nf8 32. e5 Kg8 33. exf6 exf6 34. Rd6 f5 35. Rb6 Qc8 36. Qxc8 Rxc8 37. Rxb7 Ne6 38. b6 Rc1+ 39. Kh2 Rb1 40. Ne5 f4 41. Nd7 Kf7 42. Ra7 Nd8 43. Nc5+ Ke8 44. b7 Nc6 45. Ra6 1-0

[Event "Paris Barreau 3rd"]
[Site "Paris"]
[Date "2022.09.15"]
[Round "6"]
[White "Clarke, Brandon GI"]
[Black "Laurent Paoli, Pierre"]
[Result "0-1"]
[WhiteElo "2475"]
[BlackElo "2496"]
[PlyCount "74"]
[EventDate "2022.09.12"]
[EventType "tourn"]
[EventRounds "9"]
[EventCountry "FRA"]
[EventCategory "9"]
[SourceTitle "CBM 210 Extra"]
[Source "ChessBase"]
[SourceDate "2022.11.30"]
[SourceVersion "1"]
[SourceVersionDate "2022.11.30"]
[SourceQuality "1"]

1. e4 c6 2. d4 d5 3. e5 Bf5 4. Nf3 e6 5. Be2 c5 6. Be3 Qb6 7. Nc3 Nc6 8. 0-0 Qxb2 9. Qe1 c4 10. Rb1 Qa3 11. Rxb7 Bb4 12. Nb5 Bxe1 13. Nxa3 Nd8 14. Rb1 Ba5 15. Nh4 Ne7 16. g4 Be4 17. f3 Bg6 18. f4 Be4 19. f5 a6 20. Rf4 g5 21. fxg6 hxg6 22. Nf3 Bxf3 23. Rxf3 Ndc6 24. Bf2 0-0 25. Rf1 Rab8 26. Bh4 Nxd4 27. Bxe7 Nxf3+ 28. Rxf3 Rfc8 29. h4 Bd8 30. Bd6 Bc7 31. Bxc7 Rxc7 32. c3 Rb2 33. Bd1 Rxa2 34. Nc2 Rb7 35. Kf1 a5 36. Ke1 Rb1 37. Kd2 a4 0-1

[Event "Newcastle Northumbria Masters"]
[Site "Newcastle on Tyne"]
[Date "2022.08.29"]
[Round "6"]
[White "Harvey, Marcus Ross"]
[Black "Clarke, Brandon GI"]
[Result "1-0"]
[WhiteElo "2456"]
[BlackElo "2474"]
[PlyCount "81"]
[EventDate "2022.08.26"]
[EventType "swiss"]
[EventRounds "9"]
[EventCountry "ENG"]
[SourceTitle "CBM 210 Extra"]
[Source "ChessBase"]
[SourceDate "2022.11.30"]
[SourceVersion "1"]
[SourceVersionDate "2022.11.30"]
[SourceQuality "1"]

1. c4 Nf6 2. Nc3 g6 3. e4 e5 4. Nf3 Bg7 5. d4 exd4 6. Nxd4 0-0 7. Be2 Re8 8. f3 Nc6 9. Nc2 d6 10. Bg5 h6 11. Be3 Nh5 12. g4 Nf6 13. Qd2 Be6 14. 0-0-0 Kh7 15. h3 a6 16. g5 Ng8 17. h4 h5 18. Nd4 Bd7 19. Nxc6 bxc6 20. Bd4 Bxd4 21. Qxd4 c5 22. Qd2 Bc6 23. Qf4 Qe7 24. Bd3 Qf8 25. Qd2 Qg7 26. Rhe1 Re7 27. f4 Rae8 28. f5 gxf5 29. exf5 f6 30. Rg1 Re3 31. Rdf1 Rh3 32. gxf6 Qxf6 33. Bb1 Ree3 34. Rg6 Qe5 35. Re6 Rxc3+ 36. bxc3 Rxc3+ 37. Kb2 Rd3+ 38. Rxe5 Rxd2+ 39. Kc1 dxe5 40. f6+ e4 41. Kxd2 1-0

[Event "Newcastle Northumbria Masters"]
[Site "Newcastle on Tyne"]
[Date "2022.08.28"]
[Round "5"]
[White "Clarke, Brandon GI"]
[Black "Jackson, Edward"]
[Result "1-0"]
[WhiteElo "2474"]
[BlackElo "1787"]
[PlyCount "31"]
[EventDate "2022.08.26"]
[EventType "swiss"]
[EventRounds "9"]
[EventCountry "ENG"]
[SourceTitle "CBM 210 Extra"]
[Source "ChessBase"]
[SourceDate "2022.11.30"]
[SourceVersion "1"]
[SourceVersionDate "2022.11.30"]
[SourceQuality "1"]

1. e4 c6 2. d4 d5 3. e5 Bf5 4. Nf3 e6 5. Be2 c5 6. Be3 Qb6 7. Nc3 Nc6 8. 0-0 Qxb2 9. Qe1 cxd4 10. Bxd4 Nxd4 11. Nxd4 Bb4 12. Ndb5 Bxc2 13. Qd2 d4 14. Qxd4 Rd8 15. Nc7+ Ke7 16. N3d5+ 1-0